00506 2200181 4500001002100000005001500021035002000036007000300056008004100059020002200100082000800122084001400130245002500144260006600169300004200235650001900277110002800296INLIS00000000000008920231003082652 a0010-1023000025ta231003 g 0 ind  a978-979-8191-75-6 a635 a635 BAD a1 aAneka Buah dan Sayur aJakarta :bbadan Penelitian dan Pengembangan Pertanian,c2009 aiv, 52 hlm, :bilus, ;c19 cm x 23 cm 4aBuah dan Sayur0 aBadan Litbang Pertanian